000 00796nam a22002177a 4500
999 _c12833
_d12833
003 AR-CdUCM
008 190410b ||||| |||| 00| 0 spa d
040 _aMUNICIPALIDAD PROVINCIAL DEL CUSCO
_cBIBLIOTECA MUNICIPAL DEL CUSCO
082 _aC / 738.39 /
_bP26
100 _aPardo, Luis A.
_925736
245 _aHacia una nueva clasificación de la cerámica del antiguo Perú /
260 _aCuzco :
_bLibreria e imprenta Rozas sucesores,
_c1938.
300 _a22 paginas ;
_bIlustraciones,
_c23 cm.
505 _aContenido : Los arybalos -- Estudio de los arybalos.
650 _aArqueologia Peruana
_91476
650 _aArqueología cusqueña
_99322
650 _aArybalo
_930919
710 _aInstituto Arqueológico del Cuzco
_930920
942 _2ddc
_cLIBROS
945 _awnts
_d2019-04-10